Diyrnal foraging patterns of Pogonomyrmex Harvester ants (hymenoptera: Formicidae) (Registro nro. 13719)

Detalles MARC
000 -CABECERA
Campo de control 003750000a22001210004500
090 ## - CLASIFICACIÓN LOCAL
Colección AR
Consecutivo 04619
041 0# - IDIOMA
Código de idioma para texto/pista de sonido o título separado
100 1# - ASIENTO PRINCIPAL--NOMBRE PERSONAL
Nombre personal Mackay, William P.
245 10 - MENCION DE TITULO
Título Diyrnal foraging patterns of Pogonomyrmex Harvester ants (hymenoptera: Formicidae)
700 1# - ASIENTO SECUNDARIO - NOMBRE PERSONAL
Nombre personal Mackay, Emma E.
773 1# - Item fuente:
Título Southwestern Naturalist
Descripción física 2
Paginas del Articulo 213-218 p.
Lugar, editorial y fecha de publicación 1989
Información sobre la relación 34
942 ## - ELEMENTOS ADICIONALES (KOHA)
Tipo de ítem Artículo
Existencias
Withdrawn status Lost status Damaged status No para préstamo Colección Ubicación Permanente Ubicación actual Fecha de adquisición Fuente de Valor Datos de publicación Seriada Total Checkouts Número topográfico Inventario / Código de Barras Date last seen Ejemplar Price effective from Forma de adquisición Tipo de material
      No para Préstamo Hemeroteca Bogotá Bogotá 13/03/2010 Escobar Sarria, Federico Fuera de circulación   AR 04619 027972 25/03/2015 1 25/03/2015   Artículo